He was the Sherman Ranch /

Bibliographic Details
Main Author: Andrews, Martha E. (Martha Eliot)
Other Authors: Bryan, Ross
Format: Book
Language:English
Published: [Kansas?] : [publisher not identified], [between 1900 and 1999]
Subjects:

MARC

Tag First Indicator Second Indicator Subfields
LEADER 00000cam a2200000 a 4500
001 in00000999021
005 20150927185521.0
008 860912q19001980ksuab 00010deng d
035 |a (OCoLC)14210124 
035 |9 AEZ8139AM 
040 |a KKC  |c KKC  |d TXA  |d UtOrBLW 
049 |a TXA1[DYKS] 
090 |a F687.E4  |b A52 1900z 
092 |a 636.2130924 
100 1 |a Andrews, Martha E.  |q (Martha Eliot) 
245 1 0 |a He was the Sherman Ranch /  |c [Andrews - Bryan]. 
264 1 |a [Kansas?] :  |b [publisher not identified],  |c [between 1900 and 1999] 
300 |a 100 unnumbered pages :  |b illustrations, map ;  |c 22 cm. 
336 |a text  |b txt  |2 rdacontent 
337 |a unmediated  |b n  |2 rdamedia 
338 |a volume  |b nc  |2 rdacarrier 
500 |a Signed by author. 
600 1 0 |a Sherman, Merritt Masters,  |d 1854-1937. 
610 2 0 |a Sherman Ranch (Ellsworth County, Kan.) 
650 0 |a Cattle trade  |z Kansas  |z Ellsworth County. 
651 0 |a Ellsworth County (Kan.)  |x History. 
650 0 |a Farms  |z Kansas  |z Ellsworth County  |x History. 
700 1 |a Bryan, Ross. 
999 |a MARS 
999 f f |s 9c6cafd1-16cc-3176-9d41-f23585f858f8  |i e0521b2f-9abb-37ec-9649-c5b76e3c91b8  |t 0 
952 f f |p noncirc  |a Texas A&M University  |b College Station  |c Cushing Memorial Library & Archives  |d Cushing: Dykes (Does not check out)  |t 0  |e F687.E4 A52 1900z  |h Library of Congress classification  |i unmediated -- volume  |m A14851725003 
998 f f |a F687.E4 A52 1900z  |t 0  |l Cushing: Dykes (Does not check out)